000 00390cam a22001337a 4500
008 180718b1969 xxu||||| |||| 00| 0 eng d
082 _aN119x6 G987
100 _aGutteridge, William
245 _aMilitary in African politics
_cby William Gutteridge
260 _aLondon
_bMethuen
_c1969
300 _a166p.
440 _aStudies in African history, no.4
650 _aMilitary power --Africa
999 _c435798
_d435798